[Event "2nd Yerevan Open"]
[Site "?"]
[Date "2017.09.22"]
[Round "4.26"]
[White "Yeritsyan, Hayk"]
[Black "Kursova, Maria"]
[Result "1/2-1/2"]
[WhiteElo "2078"]
[BlackElo "2280"]
[PlyCount "78"]

1. d4 Nf6 2. c4 e6 3. g3 d5 4. Nf3 Bb4+ 5. Bd2 Be7 6. Bg2 O-O 7. O-O c6 8. Qc2
b6 9. Bf4 Bb7 10. Rd1 Nbd7 11. Nc3 dxc4 12. Ne5 Nd5 13. Nxc4 Nxf4 14. gxf4 Qc7
15. e3 Rac8 16. Rac1 Qb8 17. Qe2 Rfd8 18. Qf3 Nf6 19. Ne5 Rc7 20. Qh3 a6 21.
Ne4 Nd7 22. Nc4 c5 23. f5 exf5 24. Qxf5 cxd4 25. Rxd4 Nf8 26. Rcd1 Rxd4 27.
Rxd4 Bc8 28. Qf3 Ne6 29. Ncd6 Bxd6 30. Rxd6 Rc1+ 31. Rd1 Qc7 32. h3 Bb7 33. Qe2
Rxd1+ 34. Qxd1 h6 35. Ng3 Bxg2 36. Kxg2 Ng5 37. Qd5 a5 38. Nf5 Ne6 39. b3 Kh7
1/2-1/2

[Event "2nd Yerevan Open"]
[Site "?"]
[Date "2017.09.22"]
[Round "4.27"]
[White "Melkonyan, Arshak"]
[Black "Karatorossian , David"]
[Result "1-0"]
[WhiteElo "2064"]
[BlackElo "2250"]
[PlyCount "143"]

1. d4 Nf6 2. c4 c5 3. Nf3 cxd4 4. Nxd4 e5 5. Nf3 Nc6 6. Nc3 Bc5 7. e3 O-O 8.
Be2 d6 9. O-O a6 10. b3 Bf5 11. Na4 Bb4 12. a3 Ba5 13. b4 Bc7 14. Nc3 a5 15. b5
Nb8 16. a4 Nbd7 17. Ba3 Nb6 18. c5 dxc5 19. Bxc5 Re8 20. Qb3 Ne4 21. Bxb6 Bxb6
22. Nd5 Be6 23. Bc4 Nd6 24. Nxb6 Qxb6 25. Bxe6 Rxe6 26. Rac1 h6 27. Rfd1 Rae8
28. h3 Ne4 29. Qd5 Nf6 30. Qc5 Qxc5 31. Rxc5 Ne4 32. Rc4 f5 33. Rd7 R8e7 34.
Rc8+ Kf7 35. Rcc7 Rxd7 36. Rxd7+ Kf6 37. Rxb7 Nc5 38. Ra7 Nxa4 39. Rxa5 Nc3 40.
Kf1 Rd6 41. g3 g5 42. b6 Rxb6 43. Nxe5 Rb2 44. Nc4 Rc2 45. Ra6+ Kg7 46. Nd6 f4
47. exf4 gxf4 48. Nf5+ Kg8 49. Nxh6+ Kh7 50. gxf4 Nd5 51. Nf7 Nxf4 52. Ng5+ Kg7
53. Ne6+ Nxe6 54. Rxe6 Rb2 55. Kg2 Ra2 56. Rb6 Rc2 57. Kg3 Rc4 58. f4 Ra4 59.
Kg4 Ra5 60. h4 Rc5 61. h5 Rc1 62. Rb3 Ra1 63. f5 Kf6 64. h6 Rg1+ 65. Rg3 Rh1
66. Rh3 Rg1+ 67. Kf3 Rg8 68. h7 Rh8 69. Kf4 Kf7 70. Ke5 Kg7 71. f6+ Kf7 72. Kf5
1-0

[Event "2nd Yerevan Open"]
[Site "?"]
[Date "2017.09.22"]
[Round "4.28"]
[White "Hakobyan, Hovhannes H."]
[Black "Mesropian, Khachatur"]
[Result "1/2-1/2"]
[WhiteElo "2242"]
[BlackElo "1974"]
[PlyCount "65"]

1. e4 c5 2. Nc3 Nc6 3. Nf3 e5 4. Bc4 d6 5. d3 Be7 6. O-O Nf6 7. a3 Bg4 8. h3
Bh5 9. Be3 O-O 10. Rb1 Qd7 11. b4 Nd4 12. Bxd4 cxd4 13. Nd5 Nxd5 14. Bxd5 Qc7
15. g4 Bg6 16. c4 dxc3 17. Qb3 Rac8 18. Rbc1 h5 19. Kh2 c2 20. Rfe1 Bd8 21. Kg2
Qd7 22. g5 Kh7 23. Re2 h4 24. Rexc2 Rxc2 25. Qxc2 Bh5 26. Qc8 Qe7 27. Rg1 b6
28. Qb7 Qxb7 29. Bxb7 Bxf3+ 30. Kxf3 f5 31. Ke2 g6 32. Bd5 Re8 33. Rc1 1/2-1/2

[Event "2nd Yerevan Open"]
[Site "?"]
[Date "2017.09.22"]
[Round "4.29"]
[White "Sayadyan, Edvard"]
[Black "Ghukasyan, Siranush"]
[Result "1-0"]
[WhiteElo "2011"]
[BlackElo "2218"]
[PlyCount "85"]

1. e4 e5 2. Nf3 Nc6 3. Bb5 a6 4. Ba4 Nf6 5. O-O Be7 6. d3 d6 7. a3 b5 8. Bb3
O-O 9. Nc3 Bb7 10. Re1 Qd7 11. Ne2 Rae8 12. Ng3 Bd8 13. a4 d5 14. axb5 axb5 15.
Bg5 d4 16. h3 Kh8 17. Nh2 Ng8 18. Bd2 g6 19. Qg4 Qxg4 20. Nxg4 Kg7 21. Bd5 h5
22. Nh2 Nge7 23. Bb3 Nc8 24. Rf1 Be7 25. f4 Nb6 26. Nf3 exf4 27. Bxf4 Bd6 28.
Bxd6 cxd6 29. Ne2 d5 30. exd5 Rxe2 31. dxc6 Bxc6 32. Ra6 Bxf3 33. Rxf3 Nd7 34.
Ra7 Ne5 35. Rf4 Kh6 36. Rb7 Ra8 37. Rxb5 Ra1+ 38. Rf1 Ra7 39. Rd5 Nc6 40. Rd6
Na5 41. Rxf7 Ra8 42. Ba4 Rg8 43. h4 1-0

[Event "2nd Yerevan Open "]
[Site "?"]
[Date "2017.09.22"]
[Round "4.30"]
[White "Gasparian, Tigran"]
[Black "Hakobyan, Romik"]
[Result "1-0"]
[WhiteElo "2208"]
[BlackElo "1927"]
[PlyCount "85"]

1. c4 e5 2. Nc3 Nf6 3. Nf3 Nc6 4. e3 g6 5. d4 d6 6. b4 e4 7. Nd2 Bf5 8. Be2 h5
9. O-O Bh6 10. b5 Nb8 11. Qc2 Qe7 12. a4 O-O 13. Ba3 Re8 14. c5 Qd8 15. Nc4 d5
16. Na5 Qc8 17. c6 bxc6 18. bxc6 Re6 19. Na2 Bg4 20. Rfc1 Qd8 21. Nb7 Qe8 22.
Nc5 Rd6 23. Nd7 Re6 24. Nxf6+ Rxf6 25. Bxg4 Rxc6 26. Bc5 hxg4 27. Nb4 Re6 28.
Nxd5 Qd8 29. Nc3 Qh4 30. Nxe4 Nd7 31. Ng3 Rae8 32. d5 Re5 33. Bxa7 Rxd5 34. Rd1
Rxd1+ 35. Rxd1 Ne5 36. Qxc7 Bf8 37. Bd4 Bg7 38. a5 Qg5 39. a6 Qh4 40. a7 Nf3+
41. gxf3 gxf3 42. Qc6 Qh3 43. Qxf3 1-0

[Event "2nd Yerevan Open"]
[Site "?"]
[Date "2017.09.22"]
[Round "4.31"]
[White "Hovhannisyan, Robert"]
[Black "Muradyan, Robert"]
[Result "1-0"]
[WhiteElo "2594"]
[BlackElo "1846"]
[PlyCount "77"]

1. c4 Nf6 2. Nc3 e5 3. Nf3 Nc6 4. d3 Be7 5. e4 d6 6. Be2 Bg4 7. Be3 O-O 8. O-O
Bxf3 9. Bxf3 Nd4 10. g3 Nxf3+ 11. Qxf3 Nd7 12. b4 Bg5 13. a4 a5 14. b5 Bxe3 15.
fxe3 c6 16. Rad1 Qg5 17. h4 Qg6 18. Qg2 Qg4 19. Rd2 Rae8 20. Kh2 Nc5 21. d4 Nd7
22. Rff2 Nf6 23. Rf5 Qg6 24. Qf3 cxb5 25. axb5 Ng4+ 26. Kg1 Nh6 27. dxe5 dxe5
28. c5 Nxf5 29. exf5 Qf6 30. Ne4 Qe7 31. f6 Qe6 32. Rd6 Qc4 33. Qg4 Qc1+ 34.
Kh2 g6 35. Qg5 Kh8 36. Qh6 Rg8 37. Ng5 Qc2+ 38. Rd2 Qxd2+ 39. Kh3 1-0

[Event "2nd Yerevan Open"]
[Site "?"]
[Date "2017.09.22"]
[Round "4.32"]
[White "Ter-Sahakyan, Samvel"]
[Black "Gharagyozyan, Artur"]
[Result "1-0"]
[WhiteElo "2577"]
[BlackElo "2170"]
[PlyCount "50"]

1. e4 e5 2. Nf3 Nc6 3. Bb5 Nf6 4. Nc3 d6 5. d4 exd4 6. Nxd4 Bd7 7. Bxc6 bxc6 8.
Qf3 c5 9. Nf5 Bxf5 10. exf5 Rb8 11. g4 Be7 12. g5 Nd7 13. Rg1 Ne5 14. Qe3 Bxg5
15. Rxg5 Qxg5 16. Qxe5+ dxe5 17. Bxg5 f6 18. Be3 Rxb2 19. O-O-O Rb7 20. Ne4 g6
21. fxg6 hxg6 22. Nxf6+ Kf7 23. Nd7 Rxh2 24. Nxe5+ Kg7 25. Ng4 Rg2 1-0

[Event "2nd Yerevan Open"]
[Site "?"]
[Date "2017.09.22"]
[Round "4.33"]
[White "Yayloyan, Konstantin"]
[Black "Petrosyan, Manuel"]
[Result "0-1"]
[WhiteElo "2142"]
[BlackElo "2559"]
[PlyCount "52"]

1. e4 e5 2. Nf3 Nc6 3. d4 exd4 4. Nxd4 Nf6 5. Nc3 Bb4 6. Nxc6 bxc6 7. Bd3 O-O
8. O-O Re8 9. Bg5 h6 10. Bh4 Qe7 11. f4 Bxc3 12. bxc3 Qc5+ 13. Bf2 Qxc3 14. e5
Nd5 15. Qf3 d6 16. Rae1 dxe5 17. fxe5 Be6 18. Qe4 g6 19. Bd4 Qd2 20. Re2 Qb4
21. Qh4 c5 22. c4 Nc3 23. Rb2 Qxb2 24. Qxh6 Bh3 25. gxh3 Ne2+ 26. Kh1 Qb7+ 0-1

[Event "2nd Yerevan Open"]
[Site "?"]
[Date "2017.09.22"]
[Round "4.34"]
[White "Bakunts, Rafael"]
[Black "Tavoosi, Rad Ramtin"]
[Result "1-0"]
[WhiteElo "2421"]
[BlackElo "2070"]
[PlyCount "49"]

1. e4 c5 2. Nf3 Nc6 3. d4 cxd4 4. Nxd4 g6 5. c4 Bg7 6. Be3 Nf6 7. Nc3 Ng4 8.
Qxg4 Nxd4 9. Qd1 Ne6 10. Rc1 Qa5 11. Be2 b6 12. Qd5 Qxd5 13. cxd5 Nc5 14. f3
O-O 15. b4 Na6 16. a3 Bxc3+ 17. Rxc3 d6 18. Bh6 Bb7 19. Bxf8 Kxf8 20. Kd2 Ke8
21. Rhc1 Kd8 22. h4 Rc8 23. Rxc8+ Bxc8 24. Rxc8+ Kxc8 25. Bxa6+ 1-0

[Event "2nd Yerevan Open"]
[Site "?"]
[Date "2017.09.22"]
[Round "4.35"]
[White "Simonyan, Latush"]
[Black "Bagaturov, Giorgi"]
[Result "0-1"]
[WhiteElo "2107"]
[BlackElo "2400"]
[PlyCount "46"]

1. e4 c5 2. Nf3 Nc6 3. d4 cxd4 4. Nxd4 Nf6 5. Nc3 d6 6. Bg5 e6 7. Qd2 a6 8.
O-O-O h6 9. Nxc6 bxc6 10. Bh4 Qb6 11. Bc4 Be7 12. Bxf6 gxf6 13. f4 Bd7 14. f5
a5 15. Bb3 Kd8 16. Na4 Qb4 17. Qe3 Bc8 18. a3 Qb5 19. Nc3 Qa6 20. fxe6 fxe6 21.
Bxe6 Bxe6 22. e5 fxe5 23. Qxe5 Re8 {...} 0-1

[Event "2nd Yerevan Open"]
[Site "?"]
[Date "2017.09.22"]
[Round "4.36"]
[White "Pogosyan, Stefan"]
[Black "Shahzamani, Arman"]
[Result "1-0"]
[WhiteElo "2349"]
[BlackElo "2064"]
[PlyCount "67"]

1. d4 Nf6 2. c4 c5 3. d5 b5 4. cxb5 a6 5. b6 d6 6. Nc3 Nbd7 7. a4 Qxb6 8. a5
Qa7 9. e4 g6 10. Nf3 Bg7 11. h3 O-O 12. Bc4 Rb8 13. O-O Rb4 14. Qd3 Ne8 15. b3
Nc7 16. Bf4 Qb8 17. Rab1 Nb5 18. Na2 f5 19. e5 dxe5 20. Nxb4 cxb4 21. d6+ e6
22. Bxe6+ Kh8 23. Bxd7 e4 24. Qc4 Na3 25. Qc7 Bxd7 26. Ne5 Be6 27. Rbc1 Nb5 28.
Qxb8 Rxb8 29. d7 Rd8 30. Rc6 Nd4 31. Rxe6 Nxe6 32. Nf7+ Kg8 33. Nxd8 Nxd8 34.
Bg5 1-0

[Event "2nd Yerevan Open"]
[Site "?"]
[Date "2017.09.22"]
[Round "4.37"]
[White "Nadanian, Ashot"]
[Black "Barseghyan, Armen Ar."]
[Result "0-1"]
[WhiteElo "2344"]
[BlackElo "2020"]
[PlyCount "152"]

1. Nf3 Nf6 2. g3 g6 3. b3 Bg7 4. Bb2 O-O 5. Bg2 d6 6. d4 c6 7. O-O Qa5 8. h3
Qh5 9. g4 Qa5 10. Qd2 Qc7 11. c4 h5 12. g5 Nh7 13. Nc3 Nd7 14. Rad1 Rb8 15. e4
b5 16. cxb5 cxb5 17. Rfe1 e6 18. Rc1 Qb6 19. e5 Bb7 20. Ne4 Bxe4 21. Rxe4 d5
22. Re3 b4 23. Ree1 Rfc8 24. Rc2 Bf8 25. h4 Qb7 26. Rec1 Nb6 27. Bf1 Rxc2 28.
Rxc2 Rc8 29. Qc1 Rxc2 30. Qxc2 Be7 31. Ne1 Nf8 32. Bc1 Nc8 33. Nd3 Nd7 34. Nf4
Kg7 35. Bd3 Nf8 36. Be2 Nb6 37. Bd2 a5 38. Qd1 Qc8 39. Kh2 Kg8 40. Kh3 Nbd7 41.
Bf3 Nb6 42. Kh2 Nh7 43. Qb1 Nf8 44. Bd1 Kg7 45. Qd3 Nbd7 46. Bf3 Kh8 47. Kg2
Kg8 48. Bd1 Kg7 49. Kf1 Nb8 50. Kg1 Nbd7 51. Kg2 Kh8 52. Ne2 Qc6 53. f4 Nb8 54.
Qf3 Qc8 55. f5 exf5 56. Qxd5 Ne6 57. Qc4 Qb7+ 58. d5 Nd7 59. Bc1 Nxe5 60. Bb2
Bf6 61. Bxe5 Bxe5 62. Kf1 Nc7 63. d6 Nb5 64. d7 Qxd7 65. Bc2 Nc3 66. Qc5 Bg7
67. Ng3 Qd2 68. Qf2 Qd5 69. Qg2 Qd4 70. Nxh5 Qxh4 71. Ng3 Qxg5 72. Qa8+ Kh7 73.
Ne2 Nxe2 74. Kxe2 Bh6 75. Qc6 Qd2+ 76. Kf1 Be3 0-1

[Event "2nd Yerevan Open"]
[Site "?"]
[Date "2017.09.22"]
[Round "4.38"]
[White "Danielyan, Vahe"]
[Black "Martirosyan, Garik"]
[Result "0-1"]
[WhiteElo "2331"]
[BlackElo "2018"]
[PlyCount "94"]

1. e4 c5 2. Nf3 Nc6 3. Bb5 g6 4. O-O Bg7 5. Bxc6 bxc6 6. Nc3 e5 7. d3 Ne7 8.
Be3 d6 9. Qd2 O-O 10. Bh6 f5 11. Bxg7 Kxg7 12. exf5 gxf5 13. Qg5+ Ng6 14. Qxd8
Rxd8 15. Nd2 Rb8 16. b3 Be6 17. Rfe1 Rg8 18. Rad1 Rbd8 19. Ne2 Kf6 20. f4 Nxf4
21. Nxf4 exf4 22. Rf1 Bd5 23. Rf2 Rg4 24. h3 Rg3 25. Nf1 Rg5 26. c4 Bf7 27.
Rxf4 Re8 28. Rd2 Re1 29. Rdf2 Be6 30. Kh2 Ke5 31. Rh4 Rg7 32. Nd2 Re3 33. Rh6
Kd4 34. h4 Kxd3 35. Nb1 Kd4 36. Nd2 Kc3 37. Nf3 d5 38. Ng5 Re7 39. cxd5 cxd5
40. Rf1 d4 41. Rc1+ Kb2 42. Rf1 d3 43. Rf2+ Kc1 44. Nxe6 R3xe6 45. Rf1+ Kc2 46.
Rh5 Re5 47. Rh6 Rd5 0-1

[Event "2nd Yerevan Open"]
[Site "?"]
[Date "2017.09.22"]
[Round "4.39"]
[White "Ziroyan, David"]
[Black "Li, Bo"]
[Result "0-1"]
[WhiteElo "2055"]
[BlackElo "2330"]
[PlyCount "68"]

1. Nf3 Nf6 2. g3 g6 3. Bg2 Bg7 4. O-O O-O 5. c4 c6 6. d4 d5 7. Nc3 dxc4 8. a4
Be6 9. e4 Na6 10. Qe2 h6 11. Rd1 Nb4 12. Ne5 Qa5 13. Nxc4 Qa6 14. b3 b5 15. e5
bxc4 16. exf6 Bxf6 17. Bxh6 Rfd8 18. Ne4 cxb3 19. Nxf6+ exf6 20. Qf3 Kh7 21.
Bd2 Qc4 22. Bf1 Qd5 23. Qxf6 Qxd4 24. Qg5 b2 25. Rab1 Kg8 26. Qh6 Rd5 27. Bg5
Qe5 28. Bf4 Qf6 29. Rxd5 Nxd5 30. Bg5 Qd4 31. Bg2 Bf5 32. Re1 b1=Q 33. Rxb1
Bxb1 34. Bxd5 Qxd5 0-1

[Event "2nd Yerevan Open"]
[Site "?"]
[Date "2017.09.22"]
[Round "4.40"]
[White "Demianjuk, Alexander"]
[Black "Hoghmrtsyan, Artur"]
[Result "1-0"]
[WhiteElo "2330"]
[BlackElo "2012"]
[PlyCount "61"]

1. d4 d5 2. Bf4 e6 3. e3 Bd6 4. Bg3 Ne7 5. Nd2 Nf5 6. Bd3 Nxg3 7. hxg3 e5 8. c3
Nd7 9. Qb3 c6 10. O-O-O e4 11. Be2 b5 12. Qc2 Nf6 13. f3 Qe7 14. g4 exf3 15.
gxf3 b4 16. c4 Qxe3 17. cxd5 O-O 18. dxc6 Be6 19. Kb1 Rfc8 20. Ne4 b3 21. Nxf6+
gxf6 22. Qxh7+ Kf8 23. d5 bxa2+ 24. Kxa2 Rab8 25. Qh6+ Qxh6 26. Rxh6 Kg7 27.
Rh5 Rxc6 28. dxe6 Rcb6 29. Rb5 Rxb5 30. Bxb5 Be5 31. e7 1-0

[Event "2nd Yerevan Open"]
[Site "?"]
[Date "2017.09.22"]
[Round "4.41"]
[White "Manukyan, Aleks"]
[Black "Gevorgyan, David Sh."]
[Result "1/2-1/2"]
[WhiteElo "2003"]
[BlackElo "2320"]
[PlyCount "152"]

1. d4 Nf6 2. c4 g6 3. Nc3 Bg7 4. e4 d6 5. Nf3 O-O 6. Be2 Nbd7 7. O-O e5 8. Be3
h6 9. h3 exd4 10. Nxd4 Re8 11. f3 Nh5 12. Qe1 c6 13. Qf2 Qe7 14. Bd2 Qf6 15.
Be3 Nf4 16. Qg3 g5 17. Qf2 Ne5 18. Rad1 Neg6 19. Kh2 Qe5 20. Kh1 Nh5 21. Rfe1
Ng3+ 22. Kg1 h5 23. Nc2 Nxe2+ 24. Rxe2 g4 25. Bd4 Qg5 26. Bxg7 Kxg7 27. Rxd6
Nf4 28. Red2 gxf3 29. Qxf3 Nxh3+ 30. Kh2 Bg4 31. Qe3 Qe5+ 32. Kh1 Nf4 33. Qd4
Ng6 34. Ne3 Qxd4 35. R6xd4 Ne5 36. Kh2 Be6 37. b3 Kg6 38. Rd6 Kg5 39. Ne2 h4
40. Nd4 Kf4 41. Ndc2 Ng6 42. R6d4 Ke5 43. Nf5 c5 44. Rd6 Nf4 45. Ne1 Kxe4 46.
Nxh4 Ke5 47. g3 Nh5 48. R6d5+ Bxd5 49. Rxd5+ Kf6 50. Rf5+ Kg7 51. Rg5+ Kh6 52.
Nef3 Ng7 53. Rxc5 Re2+ 54. Kh3 Ne6 55. Rb5 b6 56. a4 Rc8 57. Nf5+ Kh7 58. N5d4
Nxd4 59. Nxd4 Re4 60. Rd5 Rc7 61. Rd6 Rce7 62. Rd5 R4e5 63. Rd6 Re1 64. Nf5
R1e6 65. Rd5 Rc7 66. Nd4 Re3 67. Nb5 Rce7 68. b4 R3e4 69. Nd4 R7e5 70. Rd6 Rg5
71. Rd7 Kg7 72. Rd6 Re3 73. Kh4 Rexg3 74. Nf5+ Rxf5 75. Kxg3 Rf1 76. Rd7 Rc1
1/2-1/2

[Event "2nd Yerevan Open"]
[Site "?"]
[Date "2017.09.22"]
[Round "4.42"]
[White "Marzoughi, Mohammadsadegh	"]
[Black "Sargissyan, Sargis"]
[Result "1/2-1/2"]
[WhiteElo "1954"]
[BlackElo "2295"]
[PlyCount "146"]

1. d4 d6 2. Bf4 g6 3. Nf3 Bg7 4. e3 Nc6 5. Be2 e5 6. dxe5 dxe5 7. Qxd8+ Kxd8 8.
Bg5+ f6 9. Bh4 Nge7 10. Nc3 Nf5 11. O-O-O+ Bd7 12. Ne4 g5 13. Nfxg5 fxg5 14.
Bxg5+ Kc8 15. Rxd7 Kxd7 16. Bg4 Raf8 17. Ng3 Nce7 18. e4 h5 19. Bxf5+ Nxf5 20.
Nxf5 Bf6 21. Bxf6 Rxf6 22. h4 Rg8 23. g3 Ra6 24. a3 Rg4 25. f3 Rg8 26. Rg1 Rag6
27. Kd2 Rb6 28. b3 Rbg6 29. Ke3 Rc6 30. Kd2 Rcg6 31. Ke3 Rc6 32. Kd2 Rcg6 33.
Kc3 Rc6+ 34. Kb2 Rcg6 35. Kc1 Ke6 36. Kd2 Kd7 37. Ke2 Rc6 38. Ne3 Rh6 39. Kf2
Ke6 40. Rd1 Rf6 41. Rd5 Rgf8 42. Nc4 Rxf3+ 43. Kg2 Rf2+ 44. Kh3 Kf6 45. Rxe5
Kg6 46. Rg5+ Kh6 47. Ne3 R8f3 48. Nf5+ Rxf5 49. Rxf5 Rxc2 50. Rf7 Rc3 51. e5
Kg6 52. e6 Rxb3 53. Rxc7 Rxa3 54. Rxb7 Re3 55. e7 Kf6 56. Rxa7 Rxe7 57. Ra5 Re5
58. Ra8 Kg6 59. Kg2 Re3 60. Rg8+ Kf6 61. Kf2 Ra3 62. Re8 Kg6 63. Re6+ Kf5 64.
Rh6 Ra2+ 65. Kf3 Ra3+ 66. Kg2 Ra5 67. Rxh5+ Kg4 68. Rh8 Ra2+ 69. Kh1 Kxg3 70.
h5 Kh4 71. h6 Kh5 72. h7 Ra1+ 73. Kg2 Ra7 1/2-1/2

[Event "2nd Yerevan Open"]
[Site "?"]
[Date "2017.09.22"]
[Round "4.43"]
[White "Khachatryan, David S."]
[Black "Gevorgyan, Maria"]
[Result "0-1"]
[WhiteElo "1916"]
[BlackElo "2294"]
[PlyCount "49"]

1. e4 e5 2. Nf3 Nf6 3. Nc3 Nc6 4. Bb5 Nd4 5. Ba4 Bc5 6. Nxe5 O-O 7. Nd3 Bb6 8.
e5 c6 9. exf6 Re8+ 10. Kf1 Qxf6 11. h3 d5 12. g4 Re7 13. Kg2 Bd7 14. Rf1 h5 15.
f4 hxg4 16. hxg4 Qg6 17. Nf2 Rae8 18. Kg3 Ne2+ 19. Nxe2 Bxf2+ 20. Kxf2 Rxe2+
21. Qxe2 Rxe2+ 22. Kxe2 Qxg4+ 23. Kf2 Qxf4+ 24. Ke1 Qxa4 25. d4 0-1

[Event "2nd Yerevan Open"]
[Site "?"]
[Date "2017.09.22"]
[Round "4.44"]
[White "Tavakalyan, Azat"]
[Black "Bagheri, Maziar"]
[Result "0-1"]
[WhiteElo "1867"]
[BlackElo "2285"]
[PlyCount "92"]

1. f4 d5 2. Nf3 c6 3. e3 Nf6 4. b3 Bg4 5. Bb2 Nbd7 6. Be2 Bxf3 7. Bxf3 Qc7 8.
d4 e6 9. O-O h6 10. c4 g5 11. g3 O-O-O 12. Nc3 Rg8 13. Kh1 dxc4 14. bxc4 gxf4
15. exf4 Nb6 16. Qb3 Bg7 17. Rfd1 h5 18. a4 Ng4 19. a5 Nf2+ 20. Kg2 Nxd1 21.
axb6 Ne3+ 22. Kf2 Ng4+ 23. Bxg4 Bxd4+ 24. Kf1 Bxb6 25. Bf3 Rd3 26. Be4 Rd2 27.
Ne2 Qd6 28. Ba3 Bc5 29. Rb1 b6 30. Bxc5 Qxc5 31. Qa4 a5 32. Qxc6+ Qxc6 33. Bxc6
Kc7 34. Bf3 h4 35. c5 Rb8 36. cxb6+ Rxb6 37. Rc1+ Kb8 38. gxh4 a4 39. Ra1 Rb3
40. Bc6 a3 41. Ke1 Rbb2 42. Nc1 a2 43. Nb3 Rxh2 44. Rd1 Kc7 45. Rc1 Rb1 46. Kf1
Rxc1+ 0-1

[Event "2nd Yerevan Open"]
[Site "?"]
[Date "2017.09.22"]
[Round "4.45"]
[White "Poghosyan, Suren"]
[Black "Avetisyan, Mariam"]
[Result "1-0"]
[WhiteElo "2256"]
[BlackElo "1976"]
[PlyCount "71"]

1. d4 d5 2. c4 e6 3. Nc3 Be7 4. cxd5 exd5 5. Nf3 Nf6 6. Bg5 c6 7. Qc2 O-O 8. e3
Ne4 9. Bf4 f5 10. Bd3 Nd7 11. h3 Qa5 12. O-O Qd8 13. Rab1 a5 14. a3 g5 15. Bh2
Qe8 16. b4 Ndf6 17. Ne5 g4 18. hxg4 Nxc3 19. Qxc3 Nxg4 20. Bf4 Qh5 21. f3 Nxe5
22. Bxe5 axb4 23. axb4 Bd7 24. b5 Qh6 25. f4 Ra2 26. bxc6 Bxc6 27. Ra1 Rxa1 28.
Qxa1 b5 29. Qb1 b4 30. Bxf5 Ra8 31. Rf3 Bh4 32. Rh3 Ra3 33. g3 Bd7 34. Rxh4 Qa6
35. Be6+ Kf8 36. Qf5+ 1-0

[Event "2nd Yerevan Open"]
[Site "?"]
[Date "2017.09.22"]
[Round "4.46"]
[White "Tiraturyan,  David"]
[Black "Nalbandyan , Vahan"]
[Result "0-1"]
[WhiteElo "2316"]
[BlackElo "1910"]
[PlyCount "94"]

1. e4 c5 2. Nf3 Nc6 3. Bb5 g6 4. O-O Bg7 5. Re1 e5 6. Bxc6 dxc6 7. d3 Qe7 8.
Nbd2 Bg4 9. a4 Nf6 10. a5 Nd7 11. h3 Bxf3 12. Qxf3 Nf8 13. Nc4 Ne6 14. Be3 O-O
15. Qg3 Qc7 16. c3 b5 17. axb6 axb6 18. Rad1 b5 19. Nd2 Kh8 20. Nf3 Ra2 21. Bc1
Rd8 22. Nh2 b4 23. Ng4 Nf4 24. cxb4 h5 25. Nh2 c4 26. Bxf4 exf4 27. Qf3 cxd3
28. Rxd3 Rxd3 29. Qxd3 Rxb2 30. Rd1 Ra2 31. Nf3 Qb6 32. Rf1 Qc7 33. Qc4 Ra7 34.
Rc1 Bf6 35. b5 c5 36. Qxc5 Qxc5 37. Rxc5 Rb7 38. Kf1 Kg7 39. Ke2 Bd8 40. Rd5
Bc7 41. Rd7 Ra7 42. Ng5 Bb6 43. Ne6+ Kf6 44. Rxa7 Bxa7 45. Nxf4 Ke5 46. Nd5 Kd6
47. b6 Bb8 0-1

[Event "2nd Yerevan Open"]
[Site "?"]
[Date "2017.09.22"]
[Round "4.47"]
[White "	Brutyan, Hamlet	"]
[Black "	Hayrapetyan, Artavazd R.	"]
[Result "0-1"]
[WhiteElo "1704"]
[BlackElo "2346"]
[PlyCount "128"]

1. e4 e6 2. d4 d5 3. Nc3 Nf6 4. e5 Nfd7 5. Nf3 c5 6. Be3 Nc6 7. Bb5 cxd4 8.
Bxd4 a6 9. Ba4 Nc5 10. O-O Bd7 11. Bxc5 Bxc5 12. Qe2 O-O 13. Rad1 Bb4 14. Bb3
Rc8 15. Qe3 Na5 16. Rd3 Qe7 17. Rfd1 Rc7 18. Bxd5 Rxc3 19. bxc3 Bc5 20. Qg5
exd5 21. Qxe7 Bxe7 22. Rxd5 Bb5 23. Nd4 b6 24. Nxb5 axb5 25. Rxb5 Bc5 26. Kf1
Nc4 27. Rd5 Re8 28. a4 Ra8 29. Rdxc5 bxc5 30. Rxc5 Nb2 31. a5 Kf8 32. Rb5 Nc4
33. Ke2 Nxa5 34. Kd3 Ke7 35. Ke4 Kd7 36. f4 Kc6 37. Rd5 Nb7 38. f5 Ra3 39. Rd2
Rxc3 40. Kd4 Ra3 41. Rd3 Ra4+ 42. c4 Ra8 43. Rg3 Rd8+ 44. Kc3 g6 45. fxg6 fxg6
46. Rf3 Rd7 47. Kb4 Re7 48. Re3 Nd8 49. Kc3 Kc5 50. Rd3 Nc6 51. Rd5+ Kb6 52.
Rb5+ Kc7 53. Rc5 Kd7 54. Rd5+ Kc7 55. Rc5 Rd7 56. Kb3 Rd2 57. e6 Rxg2 58. h4 h5
59. e7 Re2 60. Rg5 Nxe7 61. Kb4 Re4 62. Kc5 Rxh4 63. Re5 Kd7 64. Kb6 Rxc4 0-1

[Event "2nd Yerevan Open"]
[Site "?"]
[Date "2017.09.22"]
[Round "4.48"]
[White "Dilanyan, Grigor"]
[Black "Mkrtchyan, Mariam"]
[Result "1-0"]
[WhiteElo "2282"]
[BlackElo "1794"]
[PlyCount "91"]

1. d4 d6 2. Nf3 g6 3. Bg5 Bg7 4. Nbd2 Nf6 5. e4 O-O 6. c3 c6 7. h3 Qc7 8. Bc4
e5 9. O-O Nbd7 10. a4 Re8 11. Re1 Nf8 12. dxe5 dxe5 13. Ba2 Be6 14. Nc4 Rad8
15. Qc1 Bxc4 16. Bxc4 Ne6 17. Bh4 h6 18. Bxf6 Bxf6 19. Qxh6 Bg7 20. Qe3 a6 21.
Rad1 Qe7 22. b4 a5 23. Qb6 Rxd1 24. Rxd1 axb4 25. Bxe6 Qxe6 26. cxb4 Qe7 27. b5
Rc8 28. bxc6 Rxc6 29. Qd8+ Bf8 30. Qb8 Qc7 31. Qxc7 Rxc7 32. Nxe5 Re7 33. Nd7
Bg7 34. f3 Re8 35. Rb1 Ra8 36. Rb4 Ra7 37. Nb6 Ra6 38. Nd5 g5 39. Kf2 Be5 40.
Ke3 Kg7 41. Kd3 Ra5 42. Ne3 Bd6 43. Rxb7 Kf6 44. Rb6 Ke7 45. Rxd6 Kxd6 46. Nc4+
1-0

[Event "2nd Yerevan Open"]
[Site "?"]
[Date "2017.09.22"]
[Round "4.49"]
[White "Grigorian, Marine"]
[Black "Piliposyan, Robert"]
[Result "1/2-1/2"]
[WhiteElo "2183"]
[BlackElo "1773"]
[PlyCount "107"]

1. d4 Nf6 2. c4 e6 3. Nf3 b6 4. g3 Bb7 5. Bg2 Be7 6. O-O O-O 7. Nc3 Ne4 8. Qc2
Nxc3 9. Qxc3 d6 10. Re1 c5 11. e4 cxd4 12. Nxd4 Nd7 13. b3 Rc8 14. Bb2 Bf6 15.
Qd2 Nc5 16. Rad1 a6 17. f4 Re8 18. Qf2 Qc7 19. Bf3 Rcd8 20. h4 Bxd4 21. Bxd4 e5
22. Be3 exf4 23. Bxf4 Bxe4 24. Bxe4 Nxe4 25. Qd4 Qc5 26. Kh2 f5 27. g4 Nf2 28.
Qxc5 Nxg4+ 29. Kg1 Rxe1+ 30. Rxe1 dxc5 31. Bc7 Rd2 32. Bxb6 Rxa2 33. Bxc5 Rb2
34. Re8+ Kf7 35. Re7+ Kf6 36. Bd4+ Kxe7 37. Bxb2 g6 38. Kg2 Kd6 39. Bd4 h6 40.
b4 Ne5 41. b5 axb5 42. cxb5 g5 43. hxg5 hxg5 44. b6 Nd7 45. Kg3 Kd5 46. Be3 Ke4
47. Bxg5 Nxb6 48. Bh6 Nd5 49. Bg5 Ne3 50. Bh6 Ng4 51. Bg5 Ne5 52. Bf4 Ng6 53.
Bg5 f4+ 54. Bxf4 1/2-1/2

[Event "2nd Yerevan Open"]
[Site "?"]
[Date "2017.09.22"]
[Round "4.50"]
[White "Arakelyan, Nare"]
[Black "Sargsyan, Anna M."]
[Result "0-1"]
[WhiteElo "1772"]
[BlackElo "2047"]
[PlyCount "66"]

1. e4 Nf6 2. e5 Nd5 3. c4 Nb6 4. d4 d6 5. exd6 cxd6 6. Nc3 g6 7. Be3 Bg7 8. Rc1
O-O 9. b3 Bf5 10. Be2 d5 11. c5 Nc8 12. g4 Bd7 13. f4 a5 14. a3 Na6 15. h4 b6
16. cxb6 Nxb6 17. h5 Nc7 18. Bf3 a4 19. Qc2 axb3 20. Qh2 g5 21. h6 Bh8 22. Qh5
e6 23. Nh3 Nc4 24. Nxd5 exd5 25. Rxc4 Re8 26. Nxg5 Rxe3+ 27. Kf2 Rxf3+ 28. Kxf3
Be8 29. Nxh7 dxc4 30. Qf5 Qd5+ 31. Qxd5 Nxd5 32. Ng5 b2 33. Ne4 Rxa3+ 0-1

[Event "2nd Yerevan Open"]
[Site "?"]
[Date "2017.09.22"]
[Round "4.51"]
[White "Harutyunyan, Erik"]
[Black "Hakobyan, Hakob Mk."]
[Result "1-0"]
[WhiteElo "2031"]
[BlackElo "1763"]
[PlyCount "89"]

1. c4 e6 2. e4 d5 3. exd5 exd5 4. cxd5 Nf6 5. Nc3 Nxd5 6. Bc4 Nb6 7. Bb3 Be7 8.
Nf3 O-O 9. h3 c5 10. d4 c4 11. Bc2 Nc6 12. O-O Bf6 13. Be3 g6 14. Rc1 Be6 15.
Be4 Nd5 16. Qe2 Nxc3 17. Rxc3 Nb4 18. Bd2 Nxa2 19. Ra3 c3 20. bxc3 Be7 21. Rxa2
Bxa2 22. Bh6 Be6 23. Bxf8 Bxf8 24. Bxb7 Rb8 25. Be4 Qc7 26. d5 Bd7 27. c4 Rc8
28. Bd3 Bg7 29. Qe7 Bf8 30. Qf6 a5 31. Re1 Be8 32. Ng5 a4 33. c5 Bxc5 34. Ne4
Bf8 35. Qa1 Bg7 36. Nf6+ Bxf6 37. Qxf6 Qa5 38. Re5 Qd2 39. Ba6 Qd1+ 40. Kh2 Rb8
41. d6 Qc2 42. Re7 Qc6 43. Qf4 Kf8 44. Bc4 Rb2 45. Qe5 1-0